000 00718nam a2200229 4500
003 OSt
005 20240701070518.0
006 a
008 240701b |||||||| |||| 00| 0 eng d
020 _a9781111351953
040 _aDWCL-Main lib.
_cOC
082 _aCirc. 155.418 G947 2012
100 _aKostelnik , Marjorie J.
245 _aGuiding children’s social development and learning /
260 _aAustralia :
_bWadsworth, Cengage Learning,
_cc2012.
300 _axiv,
_b533 p. : ill. ;
_c28 cm.
504 _aIncludes bibliographical references & index.
650 _a1. Child Development.
650 _a 2. Socialization.
650 _a3. Social Skills in Children.
942 _2ddc
_n0
_cBK-CIRC
_kCirc.
999 _c1722
_d1722